Minería y comercio internacional en América Latina /

में बचाया:
ग्रंथसूची विवरण
मुख्य लेखक: Sánchez Albavera, Fernando
निगमित लेखकों: FLACSO, CEPAL
स्वरूप: मूलपाठ
प्रकाशित: s.l: CEPAL
टैग: टैग जोड़ें
कोई टैग नहीं, इस रिकॉर्ड को टैग करने वाले पहले व्यक्ति बनें!

MARC

LEADER 00000 a a2200000 04500
001 24530
003
040
090 |a 176200  
100 |a Sánchez Albavera, Fernando  
110 |a FLACSO  
245 |a Minería y comercio internacional en América Latina /  |c FLACSO  
260 |a s.l:   |b CEPAL  
300 |a 340 p   |b **no definido**  
710 |a CEPAL  
999 |c 6288  |d 6288